LEADER 03320nam 22006732 450 001 9910450639103321 005 20151005020621.0 010 $a1-107-11405-5 010 $a9786612388972 010 $a1-282-38897-5 010 $a0-511-64277-6 010 $a1-139-16415-5 010 $a0-511-15306-6 010 $a0-511-55589-X 010 $a0-511-05412-2 035 $a(CKB)1000000000004190 035 $a(EBL)164757 035 $a(OCoLC)614723425 035 $a(SSID)ssj0000182831 035 $a(PQKBManifestationID)11166905 035 $a(PQKBTitleCode)TC0000182831 035 $a(PQKBWorkID)10172072 035 $a(PQKB)11003404 035 $a(UkCbUP)CR9781139164153 035 $a(MiAaPQ)EBC164757 035 $a(Au-PeEL)EBL164757 035 $a(CaPaEBR)ebr10064623 035 $a(CaONFJC)MIL238897 035 $a(EXLCZ)991000000000004190 100 $a20111007d2000|||| uy| 0 101 0 $aeng 135 $aur||||||||||| 181 $ctxt$2rdacontent 182 $cc$2rdamedia 183 $acr$2rdacarrier 200 13$aAn introduction to pidgin and creoles /$fJohn Holm$b[electronic resource] 210 1$aCambridge :$cCambridge University Press,$d2000. 215 $a1 online resource (xxi, 282 pages) $cdigital, PDF file(s) 225 1 $aCambridge textbooks in linguistics 300 $aTitle from publisher's bibliographic system (viewed on 05 Oct 2015). 311 $a0-521-58581-3 311 $a0-521-58460-4 320 $aIncludes bibliographical references (p. 241-266) and index. 327 $aCover; Half-title; Series-title; Title; Copyright; CONTENTS; PREFACE; TABLES; ABBREVIATIONS AND SYMBOLS; Dedication; 1 Introduction; 2 The development of theory; 3 Social factors; 4 Lexicosemantics; 5 Phonology; 6 Syntax; 7 Conclusions; REFERENCES; INDEX 330 $aThis textbook is a clear and concise introduction to the study of how new languages come into being. Starting with an overview of the field's basic concepts, it surveys the new languages that developed as a result of the European expansion to the Americas, Africa, Asia and the Pacific. Long misunderstood as 'bad' versions of European languages, today such varieties as Jamaican Creole English, Haitian Creole French and New Guinea Pidgin are recognized as distinct languages in their own right. John Holm examines the structure of these pidgins and creoles, the social history of their speakers, and the theories put forward to explain how their vocabularies, sound systems and grammars evolved. His new findings on structural typology, including non-Atlantic creoles, permit a wide-ranging assessment of the nature of restructured languages worldwide. This much-needed book will be welcomed by students and researchers in linguistics, sociolinguistics, western European languages, anthropology and sociology. 410 0$aCambridge textbooks in linguistics. 517 3 $aAn Introduction to Pidgins & Creoles 606 $aCreole dialects 606 $aPidgin languages 615 0$aCreole dialects. 615 0$aPidgin languages. 676 $a417/.22 700 $aHolm$b John A.$0156718 801 0$bUkCbUP 801 1$bUkCbUP 906 $aBOOK 912 $a9910450639103321 996 $aAn introduction to pidgin and creoles$92474527 997 $aUNINA LEADER 04106nam 2200529 450 001 9910795286103321 005 20230105202207.0 010 $a90-04-41179-8 024 7 $a10.1163/9789004411791 035 $a(CKB)4920000000126932 035 $a(nllekb)BRILL9789004411791 035 $a(MiAaPQ)EBC6276067 035 $a(PPN)244259666 035 $a(EXLCZ)994920000000126932 100 $a20201201d2020 uy 0 101 0 $aeng 135 $aurun#|||uuuua 181 $ctxt$2rdacontent 182 $cc$2rdamedia 183 $2rdacarrier 200 00$aGaining and losing imperial favour in late antiquity $erepresentation and reality /$fedited by Kamil Cyprian Choda, Maurits Sterk de Leeuw, Fabian Schulz 210 1$aLeiden, The Netherlands ;$aBoston :$cBrill,$d[2020] 210 4$dİ2020 215 $a1 online resource 225 1 $aImpact of Empire ;$vVolume 36 300 $aIncludes index. 320 $aIncludes bibliographical references and index. 327 $tFront Matter -- Copyright page -- Acknowledgements -- Figures -- Abbreviations -- Notes on Contributors -- Introduction -- Competition at the Late-Antique Court: Structures and Effects -- ?The Greatest Glory Is Always Habitually Subject to Envy??Competition and Conflict over Closeness to the Emperor at the Roman Court in the 4th Century /$rIsabelle Künzer -- The Importance of Being Splendid: Competition, Ceremonial, and the Semiotics of Status at the Court of the Late Roman Emperors (4th?6th Centuries) /$rChristian Rollinger -- The venatio in the Emperor?s Presence? The consistorium and the Military Men of the Late Roman Empire in the West /$rVedran Bileta -- Watch Your Words: the Role of Language in Gaining or Losing Imperial Favour -- Symmachus? Epistolary Influence: the Rehabilitation of Nicomachus Flavianus through Recommendation Letters /$rBruno Marien -- Losing the Empress?s Favour: on the Margins of John Chrysostom?s Homily 48 on Matthew /$rKamil Cyprian Choda -- Buying Imperial Favour: Cyril of Alexandria?s Blessings /$rMaurits Sterk de Leeuw -- Attack as the Best Defence: Resisting Unwelcome Influence -- Kept in the Dark: Narratives of Imperial Seclusion in Late Antiquity /$rMartijn Icks -- Jovian, an Emperor Who Did Not Bow to Heretics and Infidels? A Critical Reading of the Petitiones Arianorum /$rFabian Schulz -- Divining to Gain (or Lose) the Favour of Usurpers: the Case of Pamprepius of Panopolis (440?484) /$rRegina Fichera -- Back Matter -- Index of Personal Names -- Index of Geographical Names -- Index of Primary Sources -- Index of Subjects. 330 $aThe collective volume Gaining and Losing Imperial Favour in Late Antiquity: Representation and Reality, edited by Kamil Cyprian Choda, Maurits Sterk de Leeuw and Fabian Schulz, offers new insights into the political culture of the Roman Empire in the 4th and 5th centuries A.D., where the emperor?s favour was paramount. The articles examine how people gained, maintained, or lost imperial favour. The contributors approach this theme by studying processes of interpersonal infl uence and competition through the lens of modern sociological models. Taking into account both political reality and literary representation, this volume will have much to offer students of late-antique history and/or literature as well as those interested in the politics of pre-modern monarchical states. 410 0$aImpact of Empire (Roman Empire, c. 200 B.C.-A.D. 476) (Series) ;$vvolume 36. 606 $aEmperors$zRome 607 $aRome$xPolitics and government$y30 B.C.-476 A.D 607 $aRome$xCourt and courtiers 607 $aRome$xHistory$yEmpire, 30 B.C.-476 A.D 607 $aRome$xIn literature 615 0$aEmperors 676 $a937.060922 702 $aChoda$b Kamil (Kamil Cyprian) 702 $aLeeuw$b Maurits Sterk de 702 $aSchulz$b Fabian 801 0$bMiAaPQ 801 1$bMiAaPQ 801 2$bMiAaPQ 906 $aBOOK 912 $a9910795286103321 996 $aGaining and losing imperial favour in late antiquity$93770271 997 $aUNINA